Central Library OPAC University of Rajshahi

Map interpretation / (Record no. 67767)

MARC details
000 -LEADER
fixed length control field 00828nam a2200253 a 4500
001 - CONTROL NUMBER
control field 67767
003 - CONTROL NUMBER IDENTIFIER
rucl marc code BD-RjUL
005 - DATE AND TIME OF LATEST TRANSACTION
control field 20211209081706.0
008 - FIXED-LENGTH DATA ELEMENTS--GENERAL INFORMATION
fixed length control field 170328s1952 uk 000 0 eng d
035 ## - SYSTEM CONTROL NUMBER
System control number (BD-RjUL)67976
040 ## - CATALOGING SOURCE
Original cataloging agency BD-RjUL
Language of cataloging eng
Transcribing agency BD-RjUL
041 ## - LANGUAGE CODE
Language code of text/sound track or separate title eng
082 ## - DEWEY DECIMAL CLASSIFICATION NUMBER
Edition number 23
Classification number 912.014
Author mark and year DUM 1952
100 1# - MAIN ENTRY--PERSONAL NAME
Personal name Dury, G. H.
Fuller form of name (George Harry),
9 (RLIN) 164590
245 10 - TITLE STATEMENT
Title Map interpretation /
Statement of responsibility, etc. by G.H. Dury ; with a foreword by A.E. Moodie, and a contribution by H.C. Brookfield
260 ## - PUBLICATION, DISTRIBUTION, ETC. (IMPRINT)
Place of publication, distribution, etc. London :
Name of publisher, distributor, etc. SIR ISAAC PITMAN,
Date of publication, distribution, etc. 1952
300 ## - PHYSICAL DESCRIPTION
Pagination xi, 203 p. :
Illustrations ill. ;
Size 23 cm
504 ## - BIBLIOGRAPHY, ETC. NOTE
Bibliography, etc Includes bibliographical references and index
650 #0 - SUBJECT ADDED ENTRY--TOPICAL TERM
Topical term or geographic name as entry element Map reading
9 (RLIN) 155046
Topical term or geographic name as entry element Cartography
9 (RLIN) 204244
700 1# - ADDED ENTRY--PERSONAL NAME
Personal name Brookfield, H. C.
Personal name Moodie, A. E.
Fuller form of name (Arthur Edward )
942 ## - ADDED ENTRY ELEMENTS (KOHA)
Source of classification or shelving scheme Dewey Decimal Classification
Koha item type Books
Holdings
Lost status Source of classification or shelving scheme Damaged status Not for loan Collection code Permanent Location Current Location Shelving location Date acquired Source of acquisition Cost, normal purchase price Total Checkouts Full call number Date last seen Copy number Koha item type
  Dewey Decimal Classification   Not For Loan Non-fiction Central Library, University of Rajshahi Central Library, University of Rajshahi Reading Room 12/11/1955 W.B.C 12.30   912.014 DUM 1952 28/03/2017 C-1 Books